<?xml version="1.0" encoding="UTF-8"?>
<record
    xmlns:xsi="http://www.w3.org/2001/XMLSchema-instance"
    xsi:schemaLocation="http://www.loc.gov/MARC21/slim http://www.loc.gov/standards/marcxml/schema/MARC21slim.xsd"
    xmlns="http://www.loc.gov/MARC21/slim">

  <leader>03232nam a22003017a 4500</leader>
  <controlfield tag="001">8574</controlfield>
  <controlfield tag="003">FISKH</controlfield>
  <controlfield tag="005">20251028104609.0</controlfield>
  <controlfield tag="008">251001b        cb ||||| |||| 00| 0 eng d</controlfield>
  <datafield tag="020" ind1=" " ind2=" ">
    <subfield code="a">9789995094119</subfield>
  </datafield>
  <datafield tag="040" ind1=" " ind2=" ">
    <subfield code="a">FISKH</subfield>
    <subfield code="b">khr</subfield>
    <subfield code="c">FISKH</subfield>
    <subfield code="d">FISKH</subfield>
  </datafield>
  <datafield tag="050" ind1=" " ind2=" ">
    <subfield code="a">PZ7</subfield>
  </datafield>
  <datafield tag="100" ind1=" " ind2=" ">
    <subfield code="a">Sotheary, Kimsun</subfield>
  </datafield>
  <datafield tag="245" ind1=" " ind2=" ">
    <subfield code="a">&#x1794;&#x17BB;&#x178F;&#x17D2;&#x179A;&#x17B8;&#x1793;&#x17B6;&#x1782; :</subfield>
    <subfield code="b">Dragon's daughter /</subfield>
    <subfield code="c">&#x179A;&#x17C0;&#x1794;&#x179A;&#x17C0;&#x1784;&#x178A;&#x17C4;&#x1799; &#x17A2;&#x17D2;&#x1793;&#x1780;&#x179F;&#x17D2;&#x179A;&#x17B8; &#x1782;&#x17B9;&#x1798;&#x179F;&#x17CA;&#x17BB;&#x1793; &#x179F;&#x17BB;&#x1792;&#x17B6;&#x179A;&#x17B8;&#x200B; </subfield>
  </datafield>
  <datafield tag="260" ind1=" " ind2=" ">
    <subfield code="a">Phnom Penh : </subfield>
    <subfield code="b">Reading Books , </subfield>
    <subfield code="c">2009.</subfield>
  </datafield>
  <datafield tag="300" ind1=" " ind2=" ">
    <subfield code="a">24 pages : </subfield>
    <subfield code="b">color illustrations ;</subfield>
    <subfield code="c">25 cm . </subfield>
  </datafield>
  <datafield tag="490" ind1=" " ind2=" ">
    <subfield code="a">&#x1796;&#x17B7;&#x1797;&#x1796;&#x179A;&#x17BF;&#x1784;&#x1793;&#x17B7;&#x1791;&#x17B6;&#x1793;</subfield>
  </datafield>
  <datafield tag="505" ind1=" " ind2=" ">
    <subfield code="a">P 
</subfield>
  </datafield>
  <datafield tag="520" ind1=" " ind2=" ">
    <subfield code="a">&#x179C;&#x17B7;&#x1794;&#x17BB;&#x178F;&#x17D2;&#x179A;&#x1787;&#x17B6;&#x17A2;&#x17D2;&#x1793;&#x1780;&#x1793;&#x17C1;&#x179F;&#x17B6;&#x1791;&#x178F;&#x17D2;&#x179A;&#x17B8; &#x1790;&#x17D2;&#x1784;&#x17C3;&#x1798;&#x17BD;&#x1799;&#x1782;&#x17B6;&#x178F;&#x17CB;&#x1794;&#x17B6;&#x1793;&#x1783;&#x17BE;&#x1789;&#x1780;&#x17D2;&#x1798;&#x17C1;&#x1784;&#x1798;&#x17BD;&#x1799;&#x1780;&#x17D2;&#x179A;&#x17BB;&#x1798;&#x1785;&#x17B6;&#x1794;&#x17CB;&#x1780;&#x17BC;&#x1793;&#x17A2;&#x178E;&#x17D2;&#x178F;&#x17BE;&#x1780;&#x179B;&#x17C1;&#x1784; &#x178A;&#x17C4;&#x1799;&#x1780;&#x17D2;&#x178F;&#x17B8;&#x17A2;&#x17B6;&#x1793;&#x17B7;&#x178F;&#x1782;&#x17B6;&#x178F;&#x17CB;&#x1780;&#x17CF;&#x1794;&#x17B6;&#x1793;&#x179F;&#x17BB;&#x17C6;&#x17A2;&#x178E;&#x17D2;&#x178F;&#x17BE;&#x1780;&#x1796;&#x17B8;&#x1780;&#x17D2;&#x1798;&#x17C1;&#x1784;&#x17D7;&#x1793;&#x17C4;&#x17C7;&#x200B; &#x1799;&#x1780;&#x1791;&#x17C5;&#x1796;&#x1793;&#x17D2;&#x179B;&#x17C2;&#x1784;&#x1780;&#x17D2;&#x1793;&#x17BB;&#x1784;&#x1791;&#x17B9;&#x1780; &#x17D4;&#x200B; &#x1790;&#x17D2;&#x1784;&#x17C3;&#x1794;&#x1793;&#x17D2;&#x1791;&#x17B6;&#x1794;&#x17CB;&#x1782;&#x17B6;&#x178F;&#x17CB;&#x1780;&#x17CF;&#x1794;&#x17B6;&#x1793;&#x1783;&#x17BE;&#x1789;&#x17A2;&#x178E;&#x17D2;&#x178F;&#x17BE;&#x1780;&#x1798;&#x17BD;&#x1799;&#x178A;&#x17CF;&#x1792;&#x17C6;&#x17A2;&#x17C4;&#x1793;&#x1780;&#x17D2;&#x1794;&#x17B6;&#x179B;&#x17A2;&#x17C4;&#x1799;&#x179C;&#x17B7;&#x1794;&#x17BB;&#x178F;&#x17D2;&#x179A;&#x17A1;&#x17BE;&#x1784;&#x1787;&#x17B7;&#x17C7;&#x1791;&#x17C5;&#x179A;&#x17B6;&#x1787;&#x179C;&#x17B6;&#x17C6;&#x1784;&#x1793;&#x17C5;&#x1780;&#x17D2;&#x179A;&#x17C4;&#x1798;&#x179F;&#x1798;&#x17BB;&#x1791;&#x17D2;&#x179A; &#x17D4;&#x200B;&#x179C;&#x17B7;&#x1794;&#x17BB;&#x178F;&#x17D2;&#x179A;&#x1794;&#x17B6;&#x1793;&#x1787;&#x17BD;&#x1794;&#x1793;&#x17B9;&#x1784;&#x1796;&#x17D2;&#x179A;&#x17C7;&#x179A;&#x17B6;&#x1787;&#x17B6;&#x1791;&#x17D2;&#x179A;&#x1784;&#x17CB;&#x1794;&#x17B6;&#x1793;&#x17A2;&#x179A;&#x1782;&#x17BB;&#x178E;&#x179C;&#x17B7;&#x1794;&#x17BB;&#x178F;&#x17D2;&#x179A; &#x17A0;&#x17BE;&#x1799;&#x1794;&#x17B6;&#x1793;&#x179A;&#x17C0;&#x1794;&#x17A2;&#x1797;&#x17B7;&#x179F;&#x17C1;&#x1780;&#x17A2;&#x17C4;&#x1799;&#x179C;&#x17B7;&#x1794;&#x17BB;&#x178F;&#x17D2;&#x179A;&#x1793;&#x17B7;&#x1784;&#x1780;&#x17BC;&#x1793;&#x17A2;&#x178E;&#x17D2;&#x178F;&#x17BE;&#x1780;&#x178A;&#x17C2;&#x179B;&#x1787;&#x17B6;&#x1794;&#x17BB;&#x178F;&#x17D2;&#x179A;&#x17B8;&#x1781;&#x17D2;&#x179B;&#x17BD;&#x1793; &#x17D4;&#x200B; &#x1790;&#x17D2;&#x1784;&#x17C3;&#x1798;&#x17BD;&#x1799;&#x178A;&#x17C4;&#x1799;&#x1780;&#x17D2;&#x178F;&#x17B8;&#x179A;&#x179B;&#x17BA;&#x1780;&#x179F;&#x17D2;&#x179A;&#x17BB;&#x1780;&#x1780;&#x17C6;&#x1793;&#x17BE;&#x178F;&#x1782;&#x17B6;&#x178F;&#x17CB;&#x1780;&#x17CF;&#x179F;&#x17BB;&#x17C6;&#x1798;&#x17A0;&#x17C1;&#x179F;&#x17B8;&#x1798;&#x1780;&#x179B;&#x17C1;&#x1784;&#x1795;&#x17D2;&#x1791;&#x17C7;&#x200B;&#x200B; &#x1798;&#x17A0;&#x17C1;&#x179F;&#x17B8;&#x1780;&#x17CF;&#x17A2;&#x17C4;&#x1799;&#x1794;&#x17D2;&#x179A;&#x17A2;&#x1794;&#x17CB;&#x1798;&#x17B6;&#x179F;&#x1798;&#x17BD;&#x1799;&#x178F;&#x17C2;&#x17A0;&#x17B6;&#x1798;&#x1798;&#x17B7;&#x1793;&#x17A2;&#x17C4;&#x1799;&#x1794;&#x17BE;&#x1780;&#x1791;&#x17C1; &#x17D4; &#x1796;&#x17C1;&#x179B;&#x1798;&#x1780;&#x178A;&#x179B;&#x17CB;&#x1795;&#x17D2;&#x1791;&#x17C7;&#x1782;&#x17B6;&#x178F;&#x17CB;&#x1798;&#x17B7;&#x1793;&#x17A2;&#x17B6;&#x1785;&#x179A;&#x1780;&#x1795;&#x17D2;&#x1791;&#x17C7;&#x1783;&#x17BE;&#x1789; &#x1782;&#x17B6;&#x178F;&#x17CB;&#x1780;&#x17CF;&#x1794;&#x17BE;&#x1780;&#x1794;&#x17D2;&#x179A;&#x17A2;&#x1794;&#x17CB;&#x1793;&#x17C4;&#x17C7;&#x17A0;&#x17BE;&#x1799;&#x1782;&#x17B6;&#x178F;&#x17CB;&#x1780;&#x17CF;&#x1794;&#x17B6;&#x1793;&#x1780;&#x17D2;&#x179B;&#x17B6;&#x1799;&#x1787;&#x17B6;&#x178F;&#x17B6;&#x1785;&#x17B6;&#x179F;&#x17CB;&#x200B;&#x17D4;&#x200B; </subfield>
  </datafield>
  <datafield tag="520" ind1=" " ind2=" ">
    <subfield code="a">Vibot was a fisherman. One day, he saw a group of children playing with a baby turtle. Out of compassion, he asked the children for the turtle and released it back into the water.
The next day, he saw a large turtle raise its head and invite Vibot to ride on its back to the underwater . There, Vibot met the king, who thanked him and arranged a royal wedding between Vibot and the baby turtle &#x2014; who was actually the king&#x2019;s daughter.
Later, feeling nostalgic for his homeland, Vibot asked his royal wife for permission to visit his village. She agreed and gave him a golden box, warning him not to open it under any circumstances.
However, when he arrived, he couldn&#x2019;t find his old home. In his confusion, he opened the golden box &#x2014; and instantly turned into an old man.</subfield>
  </datafield>
  <datafield tag="521" ind1="8" ind2=" ">
    <subfield code="a">650 
</subfield>
    <subfield code="b">Lexile estimate 
</subfield>
  </datafield>
  <datafield tag="521" ind1="8" ind2=" ">
    <subfield code="a">P 
</subfield>
    <subfield code="b">Raz-Plus 
</subfield>
  </datafield>
  <datafield tag="650" ind1=" " ind2=" ">
    <subfield code="a">&#x1794;&#x17BB;&#x178F;&#x17D2;&#x179A;&#x17B8;&#x1793;&#x17B6;&#x1782;</subfield>
    <subfield code="v">&#x179A;&#x17BF;&#x1784;&#x1793;&#x17B7;&#x1791;&#x17B6;&#x1793;&#x1780;&#x17BB;&#x1798;&#x17B6;&#x179A;</subfield>
  </datafield>
  <datafield tag="650" ind1=" " ind2=" ">
    <subfield code="a">Dragon's daughter</subfield>
    <subfield code="v">Children's stories</subfield>
  </datafield>
  <datafield tag="700" ind1=" " ind2=" ">
    <subfield code="a">San, Thai</subfield>
    <subfield code="e">Illustrator </subfield>
  </datafield>
  <datafield tag="942" ind1=" " ind2=" ">
    <subfield code="2">ddc</subfield>
    <subfield code="c">KHB</subfield>
    <subfield code="n">0</subfield>
  </datafield>
  <datafield tag="999" ind1=" " ind2=" ">
    <subfield code="c">8574</subfield>
    <subfield code="d">8574</subfield>
  </datafield>
  <datafield tag="952" ind1=" " ind2=" ">
    <subfield code="0">0</subfield>
    <subfield code="1">0</subfield>
    <subfield code="2">ddc</subfield>
    <subfield code="4">0</subfield>
    <subfield code="7">0</subfield>
    <subfield code="8">Khmer-English Bilingual </subfield>
    <subfield code="a">002</subfield>
    <subfield code="b">002</subfield>
    <subfield code="c">TTP Khmer</subfield>
    <subfield code="d">2025-10-01</subfield>
    <subfield code="l">0</subfield>
    <subfield code="o">SOT PZ7</subfield>
    <subfield code="p">FIS04347</subfield>
    <subfield code="r">2025-10-01 12:51:02</subfield>
    <subfield code="t">1</subfield>
    <subfield code="w">2025-10-01</subfield>
    <subfield code="y">KHB</subfield>
  </datafield>
  <datafield tag="952" ind1=" " ind2=" ">
    <subfield code="0">0</subfield>
    <subfield code="1">0</subfield>
    <subfield code="2">ddc</subfield>
    <subfield code="4">0</subfield>
    <subfield code="7">0</subfield>
    <subfield code="8">Khmer-English Bilingual </subfield>
    <subfield code="a">002</subfield>
    <subfield code="b">002</subfield>
    <subfield code="c">TTP Khmer</subfield>
    <subfield code="d">2025-10-09</subfield>
    <subfield code="l">1</subfield>
    <subfield code="o">SOT PZ7</subfield>
    <subfield code="p">FIS04293</subfield>
    <subfield code="r">2025-10-10 08:58:32</subfield>
    <subfield code="s">2025-10-10</subfield>
    <subfield code="t">2</subfield>
    <subfield code="w">2025-10-09</subfield>
    <subfield code="y">KHB</subfield>
  </datafield>
  <datafield tag="952" ind1=" " ind2=" ">
    <subfield code="0">0</subfield>
    <subfield code="1">0</subfield>
    <subfield code="2">ddc</subfield>
    <subfield code="4">0</subfield>
    <subfield code="7">0</subfield>
    <subfield code="8">Khmer-English Bilingual </subfield>
    <subfield code="a">002</subfield>
    <subfield code="b">002</subfield>
    <subfield code="c">TTP Khmer</subfield>
    <subfield code="d">2025-10-28</subfield>
    <subfield code="l">0</subfield>
    <subfield code="o">SOT PZ7</subfield>
    <subfield code="p">FISBK03774</subfield>
    <subfield code="r">2025-10-28 10:46:03</subfield>
    <subfield code="t">3</subfield>
    <subfield code="w">2025-10-28</subfield>
    <subfield code="y">KHB</subfield>
  </datafield>
  <datafield tag="952" ind1=" " ind2=" ">
    <subfield code="0">0</subfield>
    <subfield code="1">0</subfield>
    <subfield code="2">ddc</subfield>
    <subfield code="4">0</subfield>
    <subfield code="7">0</subfield>
    <subfield code="8">Khmer-English Bilingual </subfield>
    <subfield code="a">002</subfield>
    <subfield code="b">002</subfield>
    <subfield code="c">TTP Khmer</subfield>
    <subfield code="d">2025-10-28</subfield>
    <subfield code="l">0</subfield>
    <subfield code="o">SOT PZ7</subfield>
    <subfield code="p">FIS05028</subfield>
    <subfield code="r">2025-10-28 10:46:54</subfield>
    <subfield code="t">4</subfield>
    <subfield code="w">2025-10-28</subfield>
    <subfield code="y">KHB</subfield>
  </datafield>
</record>
